विस्कट (Record no. 75698)

MARC details
000 -LEADER
fixed length control field 00487nam a2200181Ia 4500
008 - FIXED-LENGTH DATA ELEMENTS--GENERAL INFORMATION
fixed length control field 090123s9999 xx 000 0 und d
082 ## - DEWEY DECIMAL CLASSIFICATION NUMBER
Item number 37631
Classification number 891.463/कदम
100 ## - MAIN ENTRY--PERSONAL NAME
Personal name कदम अनंत
245 ## - TITLE STATEMENT
Title विस्कट
250 ## - EDITION STATEMENT
Edition statement 1
260 ## - PUBLICATION, DISTRIBUTION, ETC. (IMPRINT)
Name of publisher, distributor, etc अनघा प्रकाशन
Date of publication, distribution, etc 2005
300 ## - PHYSICAL DESCRIPTION
Extent 192
600 ## - SUBJECT ADDED ENTRY--PERSONAL NAME
Personal name कदम अनंत
630 ## - SUBJECT ADDED ENTRY--UNIFORM TITLE
Uniform title विस्कट
700 ## - ADDED ENTRY--PERSONAL NAME
Personal name कदम अनंत
730 ## - ADDED ENTRY--UNIFORM TITLE
Uniform title विस्कट
942 ## - ADDED ENTRY ELEMENTS (KOHA)
Koha item type Book
Holdings
Withdrawn status Lost status Damaged status Not for loan Home library Current library Date acquired Cost, normal purchase price Total Checkouts Full call number Barcode Date last seen Cost, replacement price Price effective from Koha item type
        Jawahar Wachalanalaya, Kalwa Jawahar Wachalanalaya, Kalwa 02/12/2005 167.00   37631 KLW-37631 01/23/2009 167.00 01/23/2009 Book